000 01830nam a2200385 a 4500
001 013293
003 DO-SdBNP
005 20180309124446.0
006 013293
008 091123s2008 dr a 000 0 spa d
020 _a9789945111903
040 _aBPMSU
_bspa
_cBPMSU
049 _a
082 _a372.6561
_bG216e 7mo. 2008
100 1 _aGarcía Cartagena, Manuel
245 1 0 _aEspañol 7:
_bbásica /
_c Manuel García Cartagena ; dirección editorial Obdulia García de Escobar ; ilustraciones Ruddy Núñez.
246 1 3 _aEspañol 7: guía básica
260 _aSanto Domingo :
_bSantillana,
_c2008.
300 _a3v. :
_bil. ;
_c29 cm.
490 1 _aCoral
500 _aLa biblioteca posee la Guía
505 _tSer sabios es saber ser buenos amigos y amigas --
_tEl mundo es tan natural como tú --
_tEn el arte, tu mundo coincide con el de los demás --
_t Amigos para siempre --
_tTodos y todas acturamos en el gran teatro de la vida --
_tToda la información en el gran teatro de la vida --
_tToda la información a alcance de tu mano --
_tVivir para razonar, razonar para vivir en paz --
_tVence al corazón : convence con razón --
_tRecetas para aprender; aprender para vivir --
_tAprende a Vivir la aventura de la libertad --
_tEsa otra manera de ser que es la escritura.
650 4 _aESPAÑOL
_xENSEÑANZA BÁSICA
650 4 _aESPAÑOL
_xEDUCACIÓN PRIMARIA
650 4 _aESPAÑOL
_xLIBROS DE TEXTOS
650 4 _aESPAÑOL
_xESTUDIOS Y EJERCICIOS
650 4 _aEDUCACIÓN PRIMARIA
_zREPÚBLICA DOMINICANA
700 1 _aGarcía Escobar, Obdulia de,
_e ed.
700 1 _aNúñez, Ruddy,
_eil.
830 0 _aCoral
910 _aValidado. Control de calidad MFF
942 _2ddc
_cBK
945 _a Remanejado para la BNPHU / 2018 VM
956 _aVMATEO
_b10
_c20160510
_lBPMSU
_h0069
999 _c10062
_d10062